[Event "4NCL North"]
[Site "Darlington"]
[Date "2010.11.07"]
[Round "2.33"]
[White "Lang, Adam R"]
[Black "Nicolson, Jim R"]
[Result "1-0"]
[WhiteElo "2050"]
[BlackElo "1930"]
[PlyCount "63"]
[EventDate "2010.11.07"]

1. e4 Nf6 2. d3 d6 3. Nf3 g6 4. g3 Bg7 5. Bg2 c5 6. O-O Nc6 7. c3 O-O 8. Re1 e5
9. a4 h6 10. h3 Be6 11. Be3 Qd7 12. Kh2 Nh5 13. d4 cxd4 14. cxd4 exd4 15. Nxd4
Nxd4 16. Bxd4 Rac8 17. Nc3 a6 18. Bxg7 Nxg7 19. Qd2 Kh7 20. Rad1 Ne8 21. Qe3
Bb3 22. Rd4 Rc4 23. Rxc4 Bxc4 24. Qd4 b5 25. axb5 axb5 26. Ra1 Qe6 27. Ra8 f6
28. Qb6 Rf7 29. Qb8 Re7 30. b3 Bd3 31. Nd5 Bxe4 32. Bxe4 1-0

[Event "4NCL North"]
[Site "Darlington"]
[Date "2010.11.07"]
[Round "2.34"]
[White "Pardoe, David"]
[Black "Brijmohun, Louis"]
[Result "1/2-1/2"]
[WhiteElo "2018"]
[BlackElo "1858"]
[PlyCount "43"]
[EventDate "2010.11.07"]

1. d4 Nf6 2. c4 Nc6 3. Nc3 e5 4. d5 Ne7 5. e4 Ng6 6. h4 h5 7. Bg5 Bb4 8. a3
Bxc3+ 9. bxc3 d6 10. Bd3 b6 11. Ne2 Nf8 12. Ng3 g6 13. O-O N8h7 14. f4 Nxg5 15.
fxg5 Nd7 16. Ra2 Rh7 17. Raf2 Qe7 18. Be2 Nc5 19. Rf6 Bd7 20. Qe1 O-O-O 21. Qf2
Be8 22. Kh2 1/2-1/2

[Event "4NCL North"]
[Site "Darlington"]
[Date "2010.11.07"]
[Round "2.35"]
[White "Patrick, David A"]
[Black "Connor, Michael I"]
[Result "1-0"]
[WhiteElo "1961"]
[BlackElo "1826"]
[PlyCount "95"]
[EventDate "2010.11.07"]

1. e4 Nf6 2. e5 Nd5 3. d4 d6 4. Nf3 g6 5. Bc4 Nb6 6. Bb3 Bg7 7. O-O O-O 8. Bf4
d5 9. Nbd2 Bg4 10. h3 Bxf3 11. Nxf3 e6 12. Qc1 N8d7 13. Bh6 c5 14. Bxg7 Kxg7
15. c3 cxd4 16. cxd4 Rc8 17. Qe3 a5 18. Rfc1 Qe7 19. a3 a4 20. Ba2 Nc4 21. Bxc4
dxc4 22. Nd2 b5 23. Ne4 f5 24. exf6+ Nxf6 25. Ng5 Rfe8 26. Qe5 h6 27. Ne4 Rf8
28. Re1 Qa7 29. Rad1 Qb6 30. Nc5 Rfe8 31. Nd7 Qd8 32. Nc5 Kf7 33. Nb7 Qd5 34.
Nd6+ Ke7 35. Nxc8+ Rxc8 36. Qg3 Qc6 37. Re5 Kf7 38. Rc5 Qd7 39. Qe5 Nd5 40.
Rxc8 Qxc8 41. Re1 g5 42. h4 Nf4 43. hxg5 hxg5 44. Qxg5 Nd3 45. Re3 Qc6 46. Rf3+
Ke8 47. Qg7 Qd6 48. Rf7 1-0

[Event "4NCL North"]
[Site "Darlington"]
[Date "2010.11.07"]
[Round "2.21"]
[White "Woolley, Jos"]
[Black "Williamson, Roger G"]
[Result "1/2-1/2"]
[WhiteElo "2099"]
[BlackElo "2178"]
[PlyCount "60"]
[EventDate "2010.11.07"]

1. b3 e5 2. Bb2 Nc6 3. e3 Nf6 4. Bb5 Bd6 5. Nf3 e4 6. Nh4 a6 7. Be2 O-O 8. f4
Bc5 9. g4 d5 10. g5 Ne8 11. Nc3 b5 12. Bg4 f5 13. gxf6 Nxf6 14. Bxc8 Qxc8 15.
Qe2 Qh3 16. Qf2 d4 17. Nd1 Ng4 18. Qg3 Qxg3+ 19. hxg3 dxe3 20. Nxe3 Nxe3 21.
dxe3 Bxe3 22. Rd1 Rad8 23. Rxd8 Nxd8 24. Ke2 Bc5 25. Rd1 g6 26. Ng2 Ne6 27. Ne3
Rd8 28. Rxd8+ Nxd8 29. Nd5 Ne6 30. Nf6+ Kf7 1/2-1/2

[Event "4NCL North"]
[Site "Darlington"]
[Date "2010.11.07"]
[Round "2.22"]
[White "Boumphrey, Luke S"]
[Black "Hopwood, Paul M"]
[Result "1/2-1/2"]
[WhiteElo "2007"]
[BlackElo "2130"]
[PlyCount "41"]
[EventDate "2010.11.07"]

1. e4 c5 2. Nc3 Nc6 3. g3 g6 4. Bg2 Bg7 5. d3 d6 6. Be3 h5 7. h3 e5 8. Nge2
Nge7 9. O-O Nd4 10. f4 Be6 11. Nd5 Bxd5 12. exd5 Nef5 13. Bf2 Nxe2+ 14. Qxe2
O-O 15. Be4 Nd4 16. Bxd4 exd4 17. f5 Qg5 18. Rf3 Bh6 19. Qg2 Kg7 20. Raf1 Qd2
21. Qxd2 1/2-1/2

[Event "4NCL North"]
[Site "Darlington"]
[Date "2010.11.07"]
[Round "2.23"]
[White "Flint, Martina w"]
[Black "Hawkins, James NH"]
[Result "1/2-1/2"]
[WhiteElo "1906"]
[BlackElo "1998"]
[PlyCount "62"]
[EventDate "2010.11.07"]

1. f4 d5 2. g3 Nf6 3. Bg2 c5 4. Nf3 Nc6 5. O-O Qc7 6. d3 e6 7. Qe1 d4 8. a3 Bd6
9. Nbd2 O-O 10. Ne4 Be7 11. e3 dxe3 12. Bxe3 b6 13. h3 Bb7 14. Rc1 Rad8 15. g4
Nd5 16. Nfd2 Nxe3 17. Qxe3 Qd7 18. f5 Qd4 19. Qxd4 Nxd4 20. Kh1 Ba8 21. f6 gxf6
22. Nxf6+ Bxf6 23. Rxf6 Bxg2+ 24. Kxg2 Kg7 25. Ne4 Rd5 26. Rf2 Rdd8 27. Ng3 Nc6
28. Rcf1 Rd4 29. Nh5+ Kg8 30. Nf6+ Kg7 31. Nh5+ Kg8 1/2-1/2

[Event "4NCL North"]
[Site "Darlington"]
[Date "2010.11.07"]
[Round "2.24"]
[White "Kane, Brendan D"]
[Black "Mounce, Richard B"]
[Result "0-1"]
[WhiteElo "2010"]
[BlackElo "1914"]
[PlyCount "72"]
[EventDate "2010.11.07"]

1. e4 e5 2. Nf3 Nc6 3. d4 exd4 4. Nxd4 Nf6 5. Nxc6 bxc6 6. e5 Qe7 7. Qe2 Nd5 8.
c4 Ba6 9. b3 g6 10. Bb2 Bg7 11. Nd2 d6 12. Nf3 O-O 13. g3 Rfe8 14. Bg2 Nb6 15.
O-O Bb7 16. Rfe1 Nd7 17. Qd2 Nxe5 18. Nxe5 dxe5 19. Re2 f5 20. Qa5 e4 21. Bxg7
Qxg7 22. Rd1 Qe7 23. Red2 e3 24. fxe3 Qxe3+ 25. Kh1 f4 26. Rd3 Qf2 27. Qc3 Re2
28. Rd8+ Rxd8 29. Rxd8+ Kf7 30. Rd7+ Ke8 31. Qh8+ Kxd7 32. Bh3+ Kd6 33. Qf8+
Ke5 34. gxf4+ Kd4 35. Qf6+ Kd3 36. Qd8+ Kc2 0-1

[Event "4NCL North"]
[Site "Darlington"]
[Date "2010.11.07"]
[Round "2.25"]
[White "Nezis, Anastasios"]
[Black "Frith, Robert J"]
[Result "0-1"]
[WhiteElo "1914"]
[BlackElo "1938"]
[PlyCount "68"]
[EventDate "2010.11.07"]

1. e4 e5 2. Nf3 d6 3. d4 exd4 4. Nxd4 Nf6 5. Nc3 Be7 6. Be2 O-O 7. Be3 Re8 8.
f4 c5 9. Nf3 Nc6 10. Ng5 h6 11. h4 Bf8 12. Bc4 Be6 13. Nxe6 fxe6 14. f5 d5 15.
exd5 exd5 16. Nxd5 Kh8 17. Nxf6 Rxe3+ 18. Kf2 Qxf6 19. Kxe3 Rd8 20. Qxd8 Qxd8
21. Rad1 Qf6 22. Rd5 Ne5 23. Be2 Be7 24. g4 Nc6 25. c3 Qf7 26. Bc4 Qe8 27. Kf3
Bf6 28. Bb3 Ne5+ 29. Kf4 Nxg4 30. Rh3 h5 31. a4 Qe1 32. Rf3 Qc1+ 33. Kg3 Qxb2
34. Bc4 Qh2# 0-1

[Event "4NCL North"]
[Site "Darlington"]
[Date "2010.11.07"]
[Round "2.26"]
[White "Dam, Sebastian"]
[Black "Anderson, Paul W"]
[Result "0-1"]
[WhiteElo "1874"]
[BlackElo "1834"]
[PlyCount "72"]
[EventDate "2010.11.07"]

1. e4 e5 2. Nf3 Nf6 3. Nc3 Nc6 4. d4 exd4 5. Nxd4 Nxd4 6. Qxd4 d6 7. Bc4 Be6 8.
O-O Bxc4 9. Qxc4 Be7 10. Re1 O-O 11. Bg5 Ng4 12. Bxe7 Qxe7 13. h3 Ne5 14. Qe2
c6 15. Rad1 Rad8 16. f4 Ng6 17. Qf2 b6 18. e5 dxe5 19. Rxd8 Rxd8 20. f5 Nf8 21.
Qg3 f6 22. Ne4 Kh8 23. h4 Qd7 24. Qg4 Qd4+ 25. Kh2 Qxb2 26. h5 Qxa2 27. Re3 Qf7
28. h6 g6 29. fxg6 Nxg6 30. Rf3 Nf4 31. Qh4 Rf8 32. g3 Qg6 33. gxf4 Qxe4 34.
Rg3 Qxf4 35. Qh5 Rg8 36. Kh1 Qxg3 0-1

[Event "4NCL North"]
[Site "Darlington"]
[Date "2010.11.07"]
[Round "2.41"]
[White "Carleton, John J"]
[Black "Corcoran, Gary"]
[Result "1-0"]
[WhiteElo "2307"]
[BlackElo "1901"]
[PlyCount "53"]
[EventDate "2010.11.07"]

1. d4 d5 2. c4 e6 3. Nc3 Nf6 4. cxd5 exd5 5. Bg5 Be7 6. e3 O-O 7. Bd3 Re8 8.
Nge2 c6 9. O-O Nbd7 10. Rb1 Ne4 11. Bf4 g5 12. Bg3 Ndf6 13. Qc2 Bd6 14. Bxe4
Nxe4 15. Nxe4 Rxe4 16. Rfe1 Qf6 17. Bxd6 Qxd6 18. b4 Bd7 19. a4 Rae8 20. b5 Rh4
21. Ng3 Qh6 22. bxc6 bxc6 23. Rb7 Re7 24. Qc5 Rxh2 25. Qxe7 Rxg2+ 26. Kxg2 Qh3+
27. Kg1 1-0

[Event "4NCL North"]
[Site "Darlington"]
[Date "2010.11.07"]
[Round "2.42"]
[White "Edwards-Wright, Miles D"]
[Black "Ackley, Peter JE"]
[Result "0-1"]
[WhiteElo "1946"]
[BlackElo "2035"]
[PlyCount "68"]
[EventDate "2010.11.07"]

1. e4 e6 2. d4 d5 3. exd5 exd5 4. g3 Nf6 5. Bg2 Bd6 6. Nf3 O-O 7. O-O h6 8. Ne5
c5 9. c3 Nc6 10. Nxc6 bxc6 11. a3 c4 12. b3 cxb3 13. Qxb3 Bf5 14. Be3 Rb8 15.
Qd1 Rb2 16. c4 dxc4 17. Bxc6 Qc7 18. d5 Bd3 19. Re1 Rfb8 20. Nc3 Be5 21. Rc1
R2b3 22. Bd2 Bd6 23. a4 a6 24. Re3 Ba3 25. Rxd3 Bxc1 26. Qxc1 cxd3 27. Bf4 Qc8
28. Bxb8 Qxb8 29. Kg2 Qe5 30. Nd1 Rb4 31. Ne3 h5 32. Qd2 Rd4 33. h3 Ne4 34. Qb2
Rxd5 0-1

[Event "4NCL North"]
[Site "Darlington"]
[Date "2010.11.07"]
[Round "2.43"]
[White "Connor, Stephen J"]
[Black "Dean, Robert A"]
[Result "1-0"]
[WhiteElo "2058"]
[BlackElo "1882"]
[PlyCount "61"]
[EventDate "2010.11.07"]

1. e4 e6 2. d4 d5 3. Nd2 c5 4. Ngf3 dxe4 5. Nxe4 Nc6 6. dxc5 Qxd1+ 7. Kxd1 Nf6
8. Nxf6+ gxf6 9. Be3 Bd7 10. c3 Rd8 11. Kc2 e5 12. b4 Bg7 13. Bc4 O-O 14. Rad1
Bg4 15. h3 Bxf3 16. gxf3 Ne7 17. Rxd8 Rxd8 18. Rd1 Rxd1 19. Kxd1 Kf8 20. b5 f5
21. c6 bxc6 22. bxc6 Nxc6 23. Bb5 Ne7 24. Bxa7 Nd5 25. c4 Nf4 26. c5 Ke7 27. c6
Nd5 28. Bc5+ Kd8 29. Bc4 Nf4 30. Bb6+ Ke7 31. c7 1-0

[Event "4NCL North"]
[Site "Darlington"]
[Date "2010.11.07"]
[Round "2.44"]
[White "Jones, Steven A"]
[Black "Robertson, David J"]
[Result "1-0"]
[WhiteElo "1798"]
[BlackElo "1885"]
[PlyCount "59"]
[EventDate "2010.11.07"]

1. Nf3 d5 2. c4 c6 3. d4 e6 4. Nc3 Nf6 5. e3 Nbd7 6. Qc2 Bd6 7. g4 h6 8. g5
hxg5 9. Nxg5 Rxh2 10. Rxh2 Bxh2 11. Bd2 Bd6 12. O-O-O dxc4 13. e4 b5 14. e5
Nxe5 15. dxe5 Bxe5 16. Bg2 Bd7 17. Rh1 Ke7 18. Nce4 Nd5 19. Nf3 Bf4 20. Bxf4
Nxf4 21. Qd2 Nd3+ 22. Kb1 f6 23. Rh7 Qf8 24. Qh6 Kd8 25. Rxg7 Qb4 26. Qxf6+ Kc7
27. Qd4 Rd8 28. a3 Qb3 29. Qxa7+ Kc8 30. Nd6# 1-0

[Event "4NCL North"]
[Site "Darlington"]
[Date "2010.11.07"]
[Round "2.35"]
[White "Driscoll, Mike F"]
[Black "Hackner, Oskar A"]
[Result "1/2-1/2"]
[WhiteElo "1914"]
[BlackElo "1778"]
[PlyCount "87"]
[EventDate "2010.11.07"]

1. e4 e6 2. Qe2 c5 3. f4 b6 4. g3 Bb7 5. Bg2 Nc6 6. c3 Nge7 7. d3 d5 8. e5 Qd7
9. Nf3 g6 10. O-O Bg7 11. Na3 a6 12. Nc2 O-O 13. Bd2 Nf5 14. g4 Nh6 15. h3 Kh8
16. Rfe1 Ng8 17. d4 Rae8 18. Rad1 f6 19. exf6 Nxf6 20. Ne5 Nxe5 21. fxe5 Ne4
22. Be3 cxd4 23. cxd4 Rc8 24. Na1 Qa4 25. a3 Bc6 26. Rc1 Bb5 27. Qd1 Rxc1 28.
Qxc1 Bc4 29. Qc2 Qxc2 30. Nxc2 Rc8 31. Na1 Bb5 32. Rc1 Rxc1+ 33. Bxc1 Kg8 34.
Bxe4 dxe4 35. Nb3 Kf7 36. Bf4 Bc4 37. Nd2 Bd5 38. Kf2 Ke7 39. Ke3 Kd7 40. Nxe4
Bxe4 41. Kxe4 Kc6 42. b3 Bf8 43. a4 Be7 44. Bd2 1/2-1/2

[Event "4NCL North"]
[Site "Darlington"]
[Date "2010.11.07"]
[Round "2.46"]
[White "Roberts, James D"]
[Black "Mort, Andrew J"]
[Result "1-0"]
[WhiteElo "1578"]
[BlackElo "1914"]
[PlyCount "63"]
[EventDate "2010.11.07"]

1. d4 Nf6 2. Nf3 e6 3. Bf4 Be7 4. Nbd2 d5 5. e3 O-O 6. Bd3 b6 7. c3 Bb7 8. Qc2
c5 9. Ng5 g6 10. Nxe6 fxe6 11. Bh6 Ng4 12. Bxf8 Qxf8 13. O-O Qh6 14. h3 Bd6 15.
Nf3 Nf6 16. Rae1 c4 17. Be2 Nbd7 18. b3 cxb3 19. Qxb3 Qf8 20. Rc1 Rc8 21. Rc2
Rc7 22. Rfc1 Ne4 23. c4 Kg7 24. Bd3 Ndf6 25. cxd5 Rxc2 26. Rxc2 exd5 27. Qa4
Bb8 28. Ne5 Qd6 29. Bxe4 Nxe4 30. Qe8 Nf6 31. Qf7+ Kh6 32. Qxb7 1-0

[Event "4NCL Northern League Crewe"]
[Site ", "]
[Date "2011.01.15"]
[Round "3"]
[White "Corcoran, Gary"]
[Black "Clark, Robert"]
[Result "1/2-1/2"]
[WhiteElo "1868"]
[BlackElo "2035"]
[PlyCount "109"]
[EventDate "2011.??.??"]

1. e4 e5 2. Nf3 Nc6 3. Nc3 Nf6 4. g3 d5 5. exd5 Nxd5 6. Bg2 Bg4 7. d3 Bb4 8.
Bd2 O-O 9. h3 Bh5 10. O-O Nxc3 11. bxc3 Bd6 12. Qe1 Qd7 13. g4 Bg6 14. Nh4 Rae8
15. Nxg6 hxg6 16. Bd5 Nd8 17. Qe4 c6 18. Bb3 Ne6 19. Be3 b6 20. Qg2 Nc5 21.
Rad1 Nxb3 22. cxb3 Bb8 23. d4 e4 24. c4 f5 25. Bc1 f4 26. f3 e3 27. Qe2 Qe7 28.
d5 cxd5 29. Rxd5 Qh4 30. Rfd1 Qxh3 31. Ba3 Rf6 32. Rd8 Rfe6 33. R1d7 Qg3+ 34.
Kf1 Qh3+ 35. Kg1 Qh4 36. Rxe8+ Rxe8 37. c5 bxc5 38. Bb2 Be5 39. Bxe5 Rxe5 40.
Rxa7 Qd8 41. Qc4+ Kh7 42. Qxf4 Re8 43. Qh2+ Kg8 44. Qb2 Qd4 45. Qxd4 cxd4 46.
Kf1 Rd8 47. Re7 Ra8 48. Rd7 Rxa2 49. Rxd4 Rf2+ 50. Ke1 Rxf3 51. b4 Rf2 52. b5
Rb2 53. Rd5 Kf7 54. g5 Ke6 55. Rc5 1/2-1/2

[Event "4NCL Northern League Crewe"]
[Site ", "]
[Date "2011.01.15"]
[Round "3"]
[White "Doran, Chris"]
[Black "Jones, Steven"]
[Result "1-0"]
[WhiteElo "2020"]
[BlackElo "1829"]
[PlyCount "115"]
[EventDate "2011.??.??"]

1. e4 c5 2. Nf3 Nc6 3. d4 cxd4 4. Nxd4 Nf6 5. Nc3 e5 6. Ndb5 d6 7. Bg5 a6 8.
Na3 b5 9. Bxf6 gxf6 10. Nd5 f5 11. c3 Bg7 12. exf5 Bxf5 13. Nc2 O-O 14. Nce3
Be6 15. Bd3 f5 16. O-O Ra7 17. a4 bxa4 18. Rxa4 a5 19. Bb5 Ne7 20. Nxe7+ Qxe7
21. Bc4 f4 22. Bxe6+ Qxe6 23. Qd5 Qxd5 24. Nxd5 Rff7 25. Rfa1 Rab7 26. R1a2 Rb5
27. Rxa5 Rfb7 28. b4 e4 29. Rxb5 Rxb5 30. Ra5 Rb7 31. f3 exf3 32. gxf3 Be5 33.
Kf1 Kf7 34. b5 Ke6 35. b6 Bxc3 36. Nxc3 Rxb6 37. Nd5 Rb1+ 38. Kg2 Rb2+ 39. Kh3
Ke5 40. Ne3+ Ke6 41. Ng2 Rb4 42. Kg4 Kf6 43. Nxf4 Rb2 44. Rh5 Kg7 45. h4 Rb1
46. Rd5 Rg1+ 47. Kf5 Rf1 48. Rd3 Kf7 49. h5 Rf2 50. Ke4 Ke7 51. Nd5+ Ke6 52.
Nf4+ Ke7 53. Ra3 Kf6 54. Ra7 h6 55. Rh7 Ra2 56. Rxh6+ Kg5 57. Rg6+ Kh4 58. Rg4#
1-0

[Event "4NCL Northern League Crewe"]
[Site ", "]
[Date "2011.01.15"]
[Round "3"]
[White "Dean, Robert A"]
[Black "Bennion, David"]
[Result "0-1"]
[WhiteElo "1882"]
[BlackElo "2015"]
[PlyCount "80"]
[EventDate "2011.??.??"]

1. e4 e5 2. Nf3 Nc6 3. Bb5 a6 4. Ba4 Nf6 5. O-O Be7 6. Re1 b5 7. Bb3 O-O 8. a4
b4 9. d3 d6 10. Nbd2 Bd7 11. Nf1 Nh5 12. c3 Rb8 13. Ba2 Nf4 14. Bxf4 exf4 15.
d4 b3 16. Bb1 Qc8 17. Qd2 Na5 18. Qxf4 Nc4 19. Re2 Nb6 20. Ne3 g6 21. a5 Bb5
22. Re1 Na4 23. Nd5 Bd8 24. e5 Nxb2 25. Nf6+ Bxf6 26. exf6 Re8 27. Bxg6 hxg6
28. Qh6 Rxe1+ 29. Rxe1 Qf8 30. Qh4 Re8 31. Rb1 Be2 32. Ng5 Bh5 33. g4 Nc4 34.
gxh5 Qh6 35. Rxb3 gxh5 36. Rb7 Qxf6 37. Rxc7 Re1+ 38. Kg2 Ne3+ 39. Kh3 Qf5+ 40.
Kg3 Rg1# 0-1

[Event "4NCL Northern League Crewe"]
[Site ", "]
[Date "2011.01.15"]
[Round "3"]
[White "Gorman, John A"]
[Black "Hackner, Oskar A"]
[Result "1-0"]
[WhiteElo "1942"]
[BlackElo "1778"]
[PlyCount "105"]
[EventDate "2011.??.??"]

1. e4 e6 2. d4 d5 3. Nc3 Nf6 4. Bg5 Bb4 5. e5 h6 6. Bd2 Bxc3 7. bxc3 Ne4 8. Qg4
g6 9. Bd3 Nxd2 10. Kxd2 c5 11. Qf4 Nc6 12. h4 h5 13. Rh3 Ne7 14. Nf3 Nf5 15.
dxc5 Bd7 16. Rb1 Bc6 17. Nd4 Qa5 18. Nxc6 bxc6 19. Qb4 Qc7 20. Qb7 Kd7 21. Bxf5
exf5 22. c4 dxc4 23. Kc3 Rhc8 24. Kxc4 Ke6 25. Qxc7 Rxc7 26. f4 Rd8 27. Rd3 Rd5
28. Rb8 f6 29. exf6 Rxd3 30. cxd3 Kxf6 31. Rd8 Re7 32. Rd6+ Kf7 33. Rxc6 Re2
34. Rd6 Rxg2 35. c6 Rxa2 36. Kb5 Ke7 37. Rxg6 Rd2 38. Rg7+ Kd8 39. Kc4 Rf2 40.
Kd5 Rxf4 41. Rxa7 Rxh4 42. Rf7 Ra4 43. d4 h4 44. Rh7 f4 45. Rxh4 Kc7 46. Rh7+
Kb6 47. Rb7+ Ka6 48. Rb3 Ra2 49. c7 Rc2 50. Kd6 f3 51. Rxf3 Kb7 52. Rb3+ Ka7
53. Kd7 1-0

[Event "4NCL Northern League Crewe"]
[Site ", "]
[Date "2011.01.15"]
[Round "3"]
[White "Hague, Ben"]
[Black "Williamson, Roger G"]
[Result "1/2-1/2"]
[WhiteElo "2301"]
[BlackElo "2187"]
[PlyCount "83"]
[EventDate "2011.??.??"]

1. c4 e5 2. g3 d6 3. Bg2 Nc6 4. Nc3 Be6 5. d3 Qd7 6. a3 g6 7. b4 Bg7 8. b5 Nd8
9. e4 f5 10. Nge2 Nf6 11. exf5 gxf5 12. Bb2 O-O 13. Qd2 d5 14. cxd5 Nxd5 15.
O-O f4 16. Nxd5 Bxd5 17. Bxd5+ Qxd5 18. Nc3 Qd7 19. f3 fxg3 20. hxg3 Ne6 21.
Rad1 Nd4 22. Kg2 Nxb5 23. Nxb5 Qxb5 24. Ba1 Rad8 25. Rb1 Qd5 26. Rb4 Rf7 27.
Qg5 b6 28. Rg4 Kf8 29. Rf2 Rd6 30. Re4 h6 31. Qh5 Qxd3 32. Bxe5 Bxe5 33. Qxe5
Kg8 34. a4 Qd5 35. Qe8+ Kh7 36. Rg4 Rg7 37. Rxg7+ Kxg7 38. Re2 Rf6 39. Re4 Rf7
40. Rg4+ Kf6 41. Rf4+ Kg7 42. Rg4+ 1/2-1/2

[Event "4NCL Northern League Crewe"]
[Site ", "]
[Date "2011.01.15"]
[Round "3"]
[White "Hawkins, James N H"]
[Black "Williams, Winston"]
[Result "1-0"]
[WhiteElo "1987"]
[BlackElo "2220"]
[PlyCount "92"]
[EventDate "2011.??.??"]

1. e4 c6 2. d4 d5 3. Nc3 dxe4 4. Nxe4 Bf5 5. Ng3 Bg6 6. Nf3 Nd7 7. Bc4 e6 8.
O-O Ngf6 9. Re1 Be7 10. Qe2 Nb6 11. Bb3 Qc7 12. Ne5 O-O-O 13. c3 Bd6 14. Bg5
Kb8 15. Rad1 c5 16. a4 Rc8 17. dxc5 Bxc5 18. a5 Nbd5 19. c4 Qxa5 20. cxd5 exd5
21. Bxf6 gxf6 22. Nd7+ Ka8 23. Nxc5 Rxc5 24. Rc1 Rhc8 25. Rxc5 Qxc5 26. Qd2 d4
27. Ne2 Rd8 28. Rc1 Qb6 29. Qxd4 Qxd4 30. Nxd4 a6 31. Nf3 Bh5 32. h3 Bxf3 33.
gxf3 Rd3 34. Bxf7 Rxf3 35. Kg2 Rd3 36. Rc8+ Ka7 37. Rh8 Rd7 38. Rxh7 a5 39. h4
a4 40. h5 Rd2 41. h6 Rxb2 42. Rg7 Rb4 43. Kg3 Rb1 44. Bd5 a3 45. h7 Rg1+ 46.
Kh2 Rxg7 1-0

[Event "4NCL Northern League Crewe"]
[Site ", "]
[Date "2011.01.15"]
[Round "3"]
[White "Molofej, Denis"]
[Black "Kane, Brendan D"]
[Result "1-0"]
[WhiteElo "2043"]
[BlackElo "2010"]
[PlyCount "87"]
[EventDate "2011.??.??"]

1. e4 e6 2. d4 d5 3. Nd2 c5 4. Ngf3 Nc6 5. exd5 exd5 6. Bb5 Bg4 7. O-O Bd6 8.
dxc5 Bxc5 9. Nb3 Bd6 10. Re1+ Nge7 11. h3 Bxf3 12. Qxf3 O-O 13. c3 Ng6 14. Bxc6
bxc6 15. Be3 Bc7 16. Bc5 Re8 17. Nd4 Qd7 18. Qf5 Qxf5 19. Nxf5 Bb6 20. Bd4 Bxd4
21. Nxd4 c5 22. Nb5 Red8 23. Rad1 Rd7 24. Rd2 Rb8 25. Na3 Kf8 26. Kf1 Nf4 27.
Red1 Rbd8 28. Nc4 f6 29. Na5 Rb8 30. b3 Rb5 31. Nc4 Rb8 32. g3 Nxh3 33. Rxd5
Rc7 34. f4 g5 35. Kg2 g4 36. Ne3 Rg7 37. Nf5 Rc7 38. Rd8+ Rxd8 39. Rxd8+ Kf7
40. Nh6+ Ke7 41. Rh8 Ke6 42. Nxg4 Nxf4+ 43. gxf4 Kf5 44. Kf3 1-0

[Event "4NCL Northern League Crewe"]
[Site ", "]
[Date "2011.01.15"]
[Round "3"]
[White "Frith, Robert J"]
[Black "Lang, Adam R"]
[Result "1-0"]
[WhiteElo "1938"]
[BlackElo "2050"]
[PlyCount "131"]
[EventDate "2011.??.??"]

1. d4 Nf6 2. c4 c5 3. d5 g6 4. Nc3 Bg7 5. e4 d6 6. Nf3 O-O 7. Bf4 Nh5 8. Bg5 f5
9. Bd3 fxe4 10. Bxe4 Nd7 11. Qc2 Qe8 12. Nb5 Qf7 13. Nc7 Rb8 14. Ne6 Re8 15.
Nxg7 Nxg7 16. O-O Nf6 17. Bd3 Nf5 18. Rae1 Bd7 19. Qc3 Qg7 20. Re2 h6 21. Bc1
g5 22. Bxf5 Bxf5 23. Rfe1 b5 24. b3 b4 25. Qd2 Qh7 26. Bb2 Ne4 27. Rxe4 Bxe4
28. Nxg5 hxg5 29. Rxe4 e5 30. dxe6 Qf5 31. h3 Kh7 32. Qxd6 Rb7 33. Qe5 Qxe5 34.
Rxe5 Kg6 35. Bc1 Kf6 36. Rxc5 Rxe6 37. Bxg5+ Kg6 38. Be3 Ra6 39. Rg5+ Kf6 40.
Rb5 Rxb5 41. cxb5 Rxa2 42. Bc5 Ra3 43. Bxb4 Rxb3 44. Bc5 Rxb5 45. Bxa7 Rb7 46.
Be3 Kg6 47. Kh2 Rb4 48. g4 Rb1 49. f4 Rb2+ 50. Kg3 Rb3 51. Kf3 Kf6 52. h4 Ra3
53. Ke4 Ra5 54. h5 Kg7 55. Bd4+ Kh6 56. Be5 Ra2 57. Kf5 Ra6 58. Bf6 Ra5+ 59.
Ke6 Ra6+ 60. Kf7 Ra7+ 61. Be7 Rb7 62. f5 Ra7 63. g5+ Kxh5 64. g6 Ra8 65. g7 Kg4
66. f6 1-0

[Event "4NCL Northern League Crewe"]
[Site ", "]
[Date "2011.01.15"]
[Round "3"]
[White "Brijmohun, Louis"]
[Black "Dam, Sebastian"]
[Result "1-0"]
[WhiteElo "2018"]
[BlackElo "1874"]
[PlyCount "75"]
[EventDate "2011.??.??"]

1. e4 e5 2. Nf3 f5 3. Nc3 fxe4 4. Nxe5 Nf6 5. Be2 d6 6. Ng4 Bxg4 7. Bxg4 Nc6 8.
O-O Nxg4 9. Qxg4 d5 10. Qe6+ Ne7 11. f3 Qd7 12. Qxd7+ Kxd7 13. fxe4 dxe4 14.
Nxe4 Re8 15. d3 Nd5 16. Rf7+ Kc8 17. Bd2 Nf6 18. Nxf6 gxf6 19. Kf1 Bd6 20. g3
h5 21. Bf4 Bxf4 22. gxf4 Rh6 23. Re1 Rxe1+ 24. Kxe1 b6 25. f5 Kb7 26. Rg7 Kc6
27. Rg6 Rh8 28. Rxf6+ Kd5 29. Rf7 Kd6 30. Kf2 a5 31. Kf3 c6 32. f6 Ke6 33. Rc7
Kd6 34. Rb7 b5 35. f7 Rf8 36. Kf4 Ke6 37. Kg5 Rh8 38. Kg6 1-0

[Event "4NCL Northern League Crewe"]
[Site ", "]
[Date "2011.01.15"]
[Round "3"]
[White "Chandler, Gerard"]
[Black "Patrick, David A"]
[Result "0-1"]
[WhiteElo "1842"]
[BlackElo "1961"]
[PlyCount "46"]
[EventDate "2011.??.??"]

1. e4 e6 2. d4 d5 3. Nc3 Nf6 4. Bg5 Be7 5. e5 Nfd7 6. h4 a6 7. Nf3 c5 8. dxc5
Nxc5 9. Qd2 Nc6 10. Bxe7 Qxe7 11. a3 b5 12. Bd3 Nxd3+ 13. cxd3 Bb7 14. b4 f6
15. exf6 Qxf6 16. Rc1 O-O 17. O-O Qg6 18. Qe2 Rf6 19. Rfd1 Raf8 20. Kh1 Qg4 21.
d4 Rxf3 22. gxf3 Rxf3 23. Rd3 Qh3+ 0-1

[Event "4NCL Northern League Crewe"]
[Site ", "]
[Date "2011.01.15"]
[Round "3"]
[White "Flores, Marciel T"]
[Black "Woolley, Jos"]
[Result "0-1"]
[WhiteElo "2114"]
[BlackElo "2099"]
[PlyCount "80"]
[EventDate "2011.??.??"]

1. Nf3 g6 2. g3 Bg7 3. Bg2 e5 4. d3 d5 5. O-O Ne7 6. c3 O-O 7. Qc2 h6 8. b3 c5
9. Bb2 Nbc6 10. Nbd2 Be6 11. Rac1 Qd7 12. Ba3 b6 13. e4 Bh3 14. exd5 Nxd5 15.
Rfe1 Bxg2 16. Kxg2 Rad8 17. Nc4 Rfe8 18. Bb2 Nf4+ 19. gxf4 Qg4+ 20. Kf1 Qxf3
21. Re3 Qh1+ 22. Ke2 Qxh2 23. fxe5 Nxe5 24. Nxe5 Bxe5 25. Re1 Bg3 26. Kf3 Rxe3+
27. Rxe3 Be5 28. Ke2 Qh5+ 29. Ke1 Qh1+ 30. Ke2 Bf4 31. Bc1 Bxe3 32. Bxe3 Qh5+
33. Ke1 Qf5 34. Ke2 h5 35. Qd2 Qg4+ 36. Kf1 h4 37. Qe2 Qh3+ 38. Ke1 Qh1+ 39.
Kd2 Qb1 40. Qg4 Rxd3+ 0-1

[Event "4NCL Northern League Crewe"]
[Site ", "]
[Date "2011.01.15"]
[Round "3"]
[White "Robertson, David J"]
[Black "Edwards, Simon R"]
[Result "1-0"]
[WhiteElo "1885"]
[BlackElo "2007"]
[PlyCount "71"]
[EventDate "2011.??.??"]

1. e4 c5 2. Nf3 g6 3. Nc3 Bg7 4. g3 Nc6 5. Bg2 Nf6 6. O-O O-O 7. d3 d6 8. Be3
Rb8 9. Qd2 Ng4 10. Bg5 h6 11. Bf4 e5 12. Be3 Nd4 13. Bxd4 cxd4 14. Nd5 Nf6 15.
c4 dxc3 16. Nxf6+ Qxf6 17. bxc3 Bg4 18. Ne1 Qe6 19. Nc2 Bh3 20. Ne3 Bxg2 21.
Kxg2 f5 22. f3 Bf6 23. Nd5 Bg5 24. Qc2 Rfc8 25. Qb3 Kg7 26. a4 Be3 27. Qb2 Bg5
28. a5 Bd8 29. Qf2 Rc5 30. f4 fxe4 31. fxe5 Bxa5 32. Nf4 Qg4 33. Qd4 Bb6 34.
Qxd6 Re8 35. Qf6+ Kh7 36. Qf7+ 1-0

[Event "4NCL Northern League Crewe"]
[Site ", "]
[Date "2011.01.15"]
[Round "3"]
[White "Carleton, John J"]
[Black "Richardson, Alex"]
[Result "1/2-1/2"]
[WhiteElo "2307"]
[BlackElo "2084"]
[PlyCount "78"]
[EventDate "2011.??.??"]

1. d4 Nf6 2. c4 e6 3. Nc3 Bb4 4. Qc2 O-O 5. e4 d5 6. e5 Ne4 7. a3 Bxc3+ 8. bxc3
c5 9. Bd3 cxd4 10. cxd4 Qa5+ 11. Kf1 Nc6 12. Ne2 f5 13. f3 Nb4 14. axb4 Qxa1
15. Qb1 Qa4 16. Ke1 a5 17. fxe4 fxe4 18. Bc2 Qc6 19. c5 axb4 20. Qxb4 Bd7 21.
Rf1 Rxf1+ 22. Kxf1 Qa6 23. Ke1 Bb5 24. Bd1 Rf8 25. Qa3 Qxa3 26. Bxa3 Ra8 27.
Nc3 Bc6 28. Bb4 Kf7 29. Kd2 Ke7 30. Ke3 Ra1 31. h4 Ra8 32. Bg4 Ra1 33. Ne2 Ra4
34. Bd2 Bd7 35. h5 Kf7 36. Nf4 Ke7 37. Be1 Ra3+ 38. Kd2 Ra2+ 39. Kc3 Ra6
1/2-1/2